<?xml version="1.0" encoding="UTF-8"?>
<record
    xmlns:xsi="http://www.w3.org/2001/XMLSchema-instance"
    xsi:schemaLocation="http://www.loc.gov/MARC21/slim http://www.loc.gov/standards/marcxml/schema/MARC21slim.xsd"
    xmlns="http://www.loc.gov/MARC21/slim">

  <leader>00608nam a22001937a 4500</leader>
  <controlfield tag="003">OSt</controlfield>
  <controlfield tag="005">20250124150218.0</controlfield>
  <controlfield tag="008">231017b           ||||| |||| 00| 0 eng d</controlfield>
  <datafield tag="040" ind1=" " ind2=" ">
    <subfield code="c">AL</subfield>
  </datafield>
  <datafield tag="041" ind1=" " ind2=" ">
    <subfield code="a">kan</subfield>
  </datafield>
  <datafield tag="082" ind1=" " ind2=" ">
    <subfield code="2">23</subfield>
    <subfield code="a">K894.3</subfield>
    <subfield code="b">YANM</subfield>
  </datafield>
  <datafield tag="100" ind1=" " ind2=" ">
    <subfield code="a">Yandamuri Virendranatha</subfield>
    <subfield code="d">&#xCAF;&#xC82;&#xCA1;&#xCAE;&#xCC2;&#xCB0;&#xCBF; &#xCB5;&#xCC0;&#xCB0;&#xCC7;&#xC82;&#xCA6;&#xCCD;&#xCB0;&#xCA8;&#xCBE;&#xCA5;</subfield>
    <subfield code="9">195290</subfield>
  </datafield>
  <datafield tag="245" ind1=" " ind2=" ">
    <subfield code="a">Mushtiyuddha</subfield>
    <subfield code="b">&#xCAE;&#xCC1;&#xCB7;&#xCCD;&#xC9F;&#xCBF;&#xCAF;&#xCC1;&#xCA6;&#xCCD;&#xCA7;</subfield>
  </datafield>
  <datafield tag="260" ind1=" " ind2=" ">
    <subfield code="a">Bengaluru</subfield>
    <subfield code="b">Hamsa Dhvani Prakashana</subfield>
    <subfield code="c">1987</subfield>
  </datafield>
  <datafield tag="650" ind1=" " ind2=" ">
    <subfield code="a">Kannada Fiction</subfield>
    <subfield code="9">138365</subfield>
  </datafield>
  <datafield tag="650" ind1=" " ind2=" ">
    <subfield code="a">Kannada Literature</subfield>
    <subfield code="9">138366</subfield>
  </datafield>
  <datafield tag="700" ind1=" " ind2=" ">
    <subfield code="a">YANDAMURI VIRENDRANATHA</subfield>
    <subfield code="9">138367</subfield>
  </datafield>
  <datafield tag="942" ind1=" " ind2=" ">
    <subfield code="2">ddc</subfield>
    <subfield code="c">BK</subfield>
  </datafield>
  <datafield tag="999" ind1=" " ind2=" ">
    <subfield code="c">228974</subfield>
    <subfield code="d">228974</subfield>
  </datafield>
  <datafield tag="952" ind1=" " ind2=" ">
    <subfield code="0">0</subfield>
    <subfield code="1">1</subfield>
    <subfield code="2">ddc</subfield>
    <subfield code="4">0</subfield>
    <subfield code="7">0</subfield>
    <subfield code="8">KAN</subfield>
    <subfield code="a">AL</subfield>
    <subfield code="b">AL</subfield>
    <subfield code="d">1988-10-26</subfield>
    <subfield code="l">0</subfield>
    <subfield code="o">K894.3 YANM</subfield>
    <subfield code="p">041600</subfield>
    <subfield code="r">2023-10-17 00:00:00</subfield>
    <subfield code="v">12.00</subfield>
    <subfield code="w">2023-10-17</subfield>
    <subfield code="y">BK</subfield>
  </datafield>
</record>
